UM Logo

Theories of personality/ (Record no. 395)

MARC details
000 -LEADER
fixed length control field 00628nam a2200181 4500
008 - FIXED-LENGTH DATA ELEMENTS--GENERAL INFORMATION
fixed length control field 151202b xxu||||| |||| 00| 0 eng d
020 ## - INTERNATIONAL STANDARD BOOK NUMBER
International Standard Book Number 9781259071997
082 ## - DEWEY DECIMAL CLASSIFICATION NUMBER
Edition number c2013
Classification number DC 155.2
Item number F32t
100 ## - MAIN ENTRY--PERSONAL NAME
9 (RLIN) 987
Personal name Feist, Jess.
245 ## - TITLE STATEMENT
Title Theories of personality/
Statement of responsibility, etc. Jess Feist, Gregory J. Feist, Tomi-Ann Roberts.
250 ## - EDITION STATEMENT
Edition statement Eight edition
260 ## - PUBLICATION, DISTRIBUTION, ETC. (IMPRINT)
Place of publication, distribution, etc. New York:
Name of publisher, distributor, etc. McGraw-Hill,
Date of publication, distribution, etc. c2013.
300 ## - PHYSICAL DESCRIPTION
Extent xviii, 718 pages:
Other physical details illustrations;
Dimensions 9 cm.
500 ## - GENERAL NOTE
General note Includes glossary, references, photo credits, name index, subject index.
650 #0 - SUBJECT ADDED ENTRY--TOPICAL TERM
9 (RLIN) 988
Topical term or geographic name as entry element Individual psychology.
700 ## - ADDED ENTRY--PERSONAL NAME
9 (RLIN) 990
Personal name Roberts, Tomi-Ann.
942 ## - ADDED ENTRY ELEMENTS (KOHA)
Source of classification or shelving scheme Dewey Decimal Classification
Koha item type Circulation
Holdings
Withdrawn status Lost status Source of classification or shelving scheme Damaged status Not for loan Collection code Home library Current library Shelving location Date acquired Source of acquisition Total Checkouts Full call number Barcode Date last seen Date last checked out Copy number Cost, replacement price Koha item type Total Renewals Price effective from
    Dewey Decimal Classification     Circulation UM Digos College - LIC UM Digos College - LIC Book Cart 03/07/2014 Purchased 21 DC 155.2 F32t 2013 22248 05/15/2025 04/26/2023 1 1098.00 Circulation    
    Dewey Decimal Classification     Circulation UM Digos College - LIC UM Digos College - LIC Book Cart 03/01/2014 Purchased 20 DC 155.2 F32t 2013 22250 05/15/2025 07/09/2024 3 1098.00 Circulation 1 03/04/2016
    Dewey Decimal Classification     Circulation UM Digos College - LIC UM Digos College - LIC Book Cart 09/28/2014 Purchased 18 DC 155.2 F32t 2013 22846 07/09/2025 07/07/2025 5 1098.00 Circulation   03/04/2016
    Dewey Decimal Classification     Circulation UM Digos College - LIC UM Digos College - LIC Book Cart 03/01/2014 Purchased 35 DC 155.2 F32t 2013 22249 04/14/2025 09/04/2023 2 1098.00 Circulation   04/04/2016
    Dewey Decimal Classification     Circulation UM Digos College - LIC UM Digos College - LIC Book Cart 09/28/2014 Purchased 22 DC 155.2 F32t 2013 22845 07/11/2025 07/10/2025 4   Circulation   06/23/2017